00520nam a2200157Ia 4500008004100000050001400041082001400055100002900069245007700098260003700175300003000212505007100242650001900313650001800332650001200350120629s1990 mx 000 0 spa d aQA11bG37 a510 G245a aGarza Olvera, Benjamín aMatemáticas Ib: Aritmética y álgebra c/ Benjamín, Garza Olvera aMéxico b: DGETl : SEPc, 1990 a267 pág.b: formularios aIntroducción a la aritmética Razones y proporciones Álgebra  0aMATEMÁTICAS  0aARITMÉTICA  0aALGEBRA